Recovery from Disability: manual of psychiatric rehabilitation (Record no. 5313)

MARC details
000 -LEADER
fixed length control field 00605nam a22002057a 4500
003 - CONTROL NUMBER IDENTIFIER
control field OSt
005 - DATE AND TIME OF LATEST TRANSACTION
control field 20161006134652.0
008 - FIXED-LENGTH DATA ELEMENTS--GENERAL INFORMATION
fixed length control field 161006b xxu||||| |||| 00| 0 eng d
020 ## - INTERNATIONAL STANDARD BOOK NUMBER
International Standard Book Number 9781585622054
040 ## - CATALOGING SOURCE
Transcribing agency DMLN
082 ## - DEWEY DECIMAL CLASSIFICATION NUMBER
Classification number WM308 L615r 2008
100 ## - MAIN ENTRY--PERSONAL NAME
Personal name Liberman, Robert Paul
9 (RLIN) 11151
245 ## - TITLE STATEMENT
Title Recovery from Disability: manual of psychiatric rehabilitation
260 ## - PUBLICATION, DISTRIBUTION, ETC. (IMPRINT)
Place of publication, distribution, etc. Washigton DC; American Psychiatric publishing, 2008
300 ## - PHYSICAL DESCRIPTION
Extent xl,588p; ill: 25cm
504 ## - BIBLIOGRAPHY, ETC. NOTE
Bibliography, etc References, & index included
650 ## - SUBJECT ADDED ENTRY--TOPICAL TERM
Topical term or geographic name as entry element Rehabilitation
9 (RLIN) 10549
650 ## - SUBJECT ADDED ENTRY--TOPICAL TERM
Topical term or geographic name as entry element Psychiatry
9 (RLIN) 351
942 ## - ADDED ENTRY ELEMENTS (KOHA)
Source of classification or shelving scheme Other/Generic Classification Scheme
Koha item type Open Shelf
Holdings
Withdrawn status Lost status Source of classification or shelving scheme Damaged status Not for loan Home library Current library Date acquired Source of acquisition Inventory number Total Checkouts Full call number Barcode Date last seen Koha item type
    Other/Generic Classification Scheme     MUST Main Library MUST Main Library 06/10/2016   09/31798   WM308 L615r 2008 2016-4642 06/10/2016 Open Shelf